书目信息 |
| 题名: |
神秘的航标灯
|
|
| 作者: | 童孟侯 著 | |
| 分册: | ||
| 出版信息: | 北京 海洋出版社 1983.1 |
|
| 页数: | 111页 | |
| 开本: | 20cm | |
| 丛书名: | ||
| 单 册: | ||
| 中图分类: | U644.4 | |
| 科图分类: | ||
| 主题词: | 水路运输--通航建筑物 , 水路运输--助航设备 | |
| 电子资源: | ||
| ISBN: | ||
| 000 | 00583nam0 2200217 45 | |
| 001 | 0312221749 | |
| 005 | 20040513173548.7 | |
| 010 | @dCNY0.40 | |
| 091 | @a13193.0197 | |
| 100 | @a20031222d1983 km y0chiy0120 ea | |
| 101 | @achi | |
| 105 | @a z 000yy | |
| 200 | 1 | @a神秘的航标灯@AShen Mi De Hang Biao Deng@f童孟侯著@FTong Meng Hou Zhu |
| 210 | @a北京@c海洋出版社@d1983.1 | |
| 215 | @a111页@d20cm | |
| 606 | 0 | @a水路运输@x通航建筑物 |
| 606 | 0 | @a水路运输@x助航设备 |
| 690 | @aU644.4@v3 | |
| 701 | 0 | @a童孟侯@4著 |
| 801 | @aCN@bTSTCL@c20031222 | |
| 905 | @dU644.4@e5@f1@b93490 | |
| 神秘的航标灯/童孟侯著.-北京:海洋出版社,1983.1 |
| 111页;20cm |
| ISBN :CNY0.40 |
| ● |
| 相关链接 |
|
|
|
|
正题名:神秘的航标灯
索取号:U644.4/5
 
预约/预借
| 序号 | 登录号 | 条形码 | 馆藏地/架位号 | 状态 | 备注 |
| 1 | 0093490 | 001487750 | 第三借阅区/ [索取号:U644.4/5] | 在馆 | |
| 2 | 0093491 | 001487769 | 第二样本阅览室/ [索取号:U644.4/5] | 在馆 |